NO Samuel L. Jackson Movies: Multiple Choice - Statistics

General Stats
  • This quiz has been taken 674 times
  • The average score is 7 of 15
Answer Stats
Question Answer % Correct
Which one? The Shawshank Redemption
88%
Which one? The Exorcist
76%
Which one? Training Day
76%
Which one? Boogie Nights
71%
Which one? The Matrix
65%
Which one? The Patriot
59%
Which one? Shaft (1971)
47%
Which one? Toy Story
47%
Which one? Reservoir Dogs
41%
Which one? Hotel Rwanda
35%
Which one? Kill Bill: Volume I
29%
Which one? Terminator 2: Judgment Day
29%
Which one? Split
24%
Which one? Captain America: Civil War
18%
Which one? Iron Man 3
6%
No matching quizzes found
Score Distribution
Percent of People with Each Score
Percentile by Number Answered
Your Score History
You have not taken this quiz